A Hand on Research Methodology / (Record no. 211886)

MARC details
000 -LEADER
fixed length control field 00616nam a22002057a 4500
005 - DATE AND TIME OF LATEST TRANSACTION
control field 20250620153919.0
010 ## - LCCN (DPL NO)
LC control number ENG-145504
020 ## - INTERNATIONAL STANDARD BOOK NUMBER
International Standard Book Number 9788191024784
Terms of availability 150.00
035 ## - SYSTEM CONTROL NUMBER
System control number EN-129036
037 ## - SOURCE OF ACQUISITION
Source of stock number/acquisition DBAD
082 ## - DEWEY DECIMAL CLASSIFICATION NUMBER
Classification number 0001.42
100 ## - MAIN ENTRY--PERSONAL NAME
Personal name Vijayalakshmi V.,
245 ## - TITLE STATEMENT
Title A Hand on Research Methodology /
Remainder of title V. Vijayalakshmi
260 ## - PUBLICATION, DISTRIBUTION, ETC. (IMPRINT)
Place of publication, distribution, etc Bangalore
Name of publisher, distributor, etc SOUTHERN ECONOMIST
Date of publication, distribution, etc 2014
270 ## - ADDRESS
Address No. 9,1st Main ,Jamia Masjid Complex,1st Floor ,10&11,Palace Guttahalli
City Bangalore
Postal code 560003
300 ## - PHYSICAL DESCRIPTION
Extent 67 p.
Dimensions 22 cm.(Pb)
490 ## - SERIES STATEMENT
Volume number/sequential designation vol 1
700 ## - ADDED ENTRY--PERSONAL NAME
Personal name Vijayalakshmi V.
9 (RLIN) 82213
942 ## - ADDED ENTRY ELEMENTS (KOHA)
Source of classification or shelving scheme Dewey Decimal Classification
Item type English Books
Call number suffix VIJ
Holdings
Withdrawn status Lost status Not for loan Collection code Home library Current library Date acquired Source of acquisition Cost, normal purchase price Full call number Barcode Copy number Cost, replacement price Koha item type
      Non-fiction Patel Nagar Patel Nagar 20/06/2025 DBAD 150.00 VIJ EN-129036 1 150.00 English Books

© Delhi Public Library
Hit Counter
free hit counter